[Event "Open de Sevilla 2012"]
[Site "?"]
[Date "2012.01.07"]
[Round "1"]
[White "Svetushkin, Dimitry"]
[Black "Galera Nuñez, Tomas"]
[Result "1-0"]
[WhiteElo "2598"]
[BlackElo "1898"]
[Annotator "Montecatine,R"]
[PlyCount "71"]
[EventDate "2012.01.07"]
[SourceDate "2012.01.07"]

1. d4 d5 2. c4 c6 3. Nf3 e6 4. e3 f5 {el esquema Muro de Piedra} 5. Bd3 Nf6 6.
O-O Bd6 7. b3 Qe7 8. Bb2 O-O 9. Qc1 {
insistiendo en cambiar el Ad6, la mejor pieza negra} b6 10. Ba3 Bb7 {
la alternativa era 10...c5} 11. Bxd6 Qxd6 12. Nc3 Ne4 13. Qb2 Nd7 14. Rad1 (14.
Ne2 c5 15. Rfd1 Qe7 16. Rac1 Rfd8 17. cxd5 exd5 18. Ng3 g6 19. Bb5 Ndf6 20.
Nxe4 Nxe4 21. Rc2 Rf8 22. dxc5 bxc5 23. Qe5 Qf7 24. Qf4 Qe7 25. Qe5 Qf7 26. Qf4
Qe7 27. Qe5 {1/2-1/2 (27) Moiseenko,A (2678)-Galkin,A (2624)/Kallithea 2008})
14... Qe7 15. Ne2 g5 {
el carácter cerrado de la posición permite esta teórica debilitación} 16. Ne5
Nxe5 17. dxe5 Nc5 18. Bb1 dxc4 19. bxc4 Rad8 $11 20. Rd4 Qc7 {
también eran posibles 20...Ba6 o 20...Rd7 21.Rfd1 Rfd8} 21. Qd2 Ba6 22. h4 {
a considerar} (22. Qc3) 22... Bxc4 (22... gxh4 23. Qc3 h3 24. gxh3 $11) 23.
hxg5 Bxe2 24. Qxe2 Qxe5 25. Rfd1 Rxd4 (25... Rd5 $5) 26. Rxd4 Qc7 27. Qh5 Qg7 (
27... Qf7) 28. g4 {intentando activar el alfil} fxg4 29. Qxg4 e5 30. Rd6 e4 31.
g6 h6 32. Qh4 {Diagrama #} (32. Rxc6 $4 Qb2 $19) 32... Nd3 $2 {
perdiendo la igualdad} (32... Qb2 33. Bc2 (33. Kg2) 33... Qxc2 34. g7 Rf7 35.
Rd8+ Kxg7 36. Qg3+ Kf6 37. Qf4+ Kg7 38. Qg3+ $11) 33. Qxe4 $16 Nc5 $2 {
pierde, aún podía intentarse} (33... Qb2 34. Qc4+ Kh8 35. Qc2 Qxc2 36. Bxc2 $16
{ya que si} Nxf2 37. g7+ Kxg7 38. Rg6+ Kf7 39. Kxf2) 34. Qc4+ $18 Kh8 35. Qd4
Kg8 36. Rxc6 1-0

[Event "Open de Sevilla 2012"]
[Site "?"]
[Date "2012.01.07"]
[Round "1"]
[White "Giraud, Thierry"]
[Black "Burmankin, Vladimir"]
[Result "0-1"]
[WhiteElo "1896"]
[BlackElo "2593"]
[Annotator "Montecatine,R"]
[PlyCount "79"]
[EventDate "2012.01.07"]
[SourceDate "2012.01.07"]

1. d4 d5 2. c4 e6 3. e3 Nf6 4. Nf3 Be7 5. Nc3 O-O 6. Qc2 b6 7. cxd5 exd5 8. Bd3
Bb7 9. O-O c5 10. b3 Nc6 11. a3 Re8 (11... h6 12. Bb2 cxd4 13. exd4 a6 14. Rfe1
b5 15. Qd1 Re8 16. Rc1 Bd6 {
1/2-1/2 (17) Stahlberg,G-Bronstein,D/Zuerich 1953/Candidates}) 12. Bb2 Na5 (
12... cxd4 13. exd4 a6 $11) 13. Bb5 Rf8 14. dxc5 bxc5 15. Rfd1 Qb6 16. b4 $1
cxb4 17. axb4 Nc6 (17... Bxb4 18. Qa4 a6 19. Qxb4 Nc4 20. Rdb1 axb5 21. Nxb5
Nxb2 22. Qxb2 $14) 18. Bxc6 Bxc6 19. b5 Bxb5 20. Nxd5 $6 ({era preferible} 20.
Nxb5 Qxb5 21. Nd4 Qd7 22. Nc6 Rfe8 23. Ra6 $14) 20... Nxd5 21. Rxd5 $11 Rfc8
22. Qf5 Bc4 23. Bd4 Qc6 24. Rda5 Be6 25. Qd3 Qd7 26. h3 Bf6 $2 (26... f6 $11)
27. Qe4 $16 Bxd4 28. Nxd4 Bc4 29. Rh5 (29. Rc5 $16) 29... g6 30. Rha5 $6 (30.
Rc5 Rxc5 31. Qxa8+ Kg7 32. Rxa7 $16) 30... a6 $11 31. g4 {
una debilitación que puede causar problemas} Rab8 32. Re5 Qd6 33. Raa5 Qb6 34.
g5 Qb2 35. Nc6 Qb1+ {0-1 ?? Diagrama # y el blanco abandonó en posición
igualada estropeando una excelente labor ante un rival con 700 puntos Elo más.}
36. Kh2 $8 (36. Qxb1 Rxb1+ 37. Kg2 Rxc6 $19) (36. Kg2 $4 Qxe4+ 37. Rxe4 Rxc6
$19) 36... Qxe4 37. Ne7+ Kg7 38. Rxe4 Rc7 39. Nd5 Bxd5 40. Rxd5 $11 {tiempo}
0-1

[Event "Open de Sevilla 2012"]
[Site "?"]
[Date "2012.01.07"]
[Round "1"]
[White "Sengupta, Deep"]
[Black "Suarez Pozo, Juan Carlos"]
[Result "1-0"]
[WhiteElo "2562"]
[BlackElo "1895"]
[Annotator "Montecatine,R"]
[PlyCount "60"]
[EventDate "2012.01.07"]
[SourceDate "2012.01.07"]

1. e4 e6 2. d4 d5 3. Nd2 Nf6 4. e5 Nfd7 5. c3 c5 6. f4 Nc6 7. Ndf3 cxd4 8. cxd4
Bb4+ 9. Kf2 f6 10. g3 fxe5 11. fxe5 O-O 12. Kg2 Qe8 (12... Rf7 13. Bd3 Nf8 14.
Ng5 Re7 15. Qh5 h6 16. N5f3 Bd7 17. Ne2 Be8 18. Qg4 Kh8 19. a3 Ba5 20. Bg5 hxg5
21. Nxg5 g6 22. Raf1 Nh7 23. Nxh7 Kxh7 24. Qh4+ Kg7 25. Rf8 {1-0 (25) Negi,P
(2621)-Van Dongen,C (2380)/Cappelle la Grande 2010/CBM 134 Extra}) 13. Bd3 Be7
14. Be3 Nb4 15. Bb1 Nb6 16. b3 Bd7 17. a3 Nc6 (17... Na6) 18. Nh3 Qh5 $6 {
Diagrama #} (18... Rc8 19. Nfg5 h6 20. Qd3 Rf5 21. g4 Nxe5 22. dxe5 Bb5 23. Qd4
Rxg5 24. Nxg5 hxg5 $14) 19. Nf4 $1 (19. Nfg5 Qxd1 20. Bxh7+ Kh8 21. Rhxd1 $16)
19... Qf7 20. h4 $18 g6 21. Nh3 Qg7 (21... Nc8 22. h5) 22. h5 gxh5 23. Nhg5 h6
24. Nh7 h4 (24... Rf7 25. Rxh5 $18) 25. Nxh4 Rf7 26. Ng6 Bg5 27. Nxg5 hxg5 28.
Rh8+ Qxh8 29. Nxh8 Kxh8 30. Qh5+ Kg8 1-0

[Event "Open de Sevilla 2012"]
[Site "?"]
[Date "2012.01.07"]
[Round "1"]
[White "Torres Perez, Francisco Javier"]
[Black "Matamoros Franco, Carlos S"]
[Result "0-1"]
[WhiteElo "1890"]
[BlackElo "2552"]
[Annotator "Montecatine,R"]
[PlyCount "56"]
[EventDate "2012.01.07"]
[SourceDate "2012.01.07"]

1. e4 e6 2. d4 d5 3. e5 c5 4. c3 Nc6 5. Nf3 Bd7 6. a3 c4 7. Be2 f6 8. Qc2 $6 (
8. O-O) 8... Nh6 (8... fxe5 9. Nxe5 Nxe5 10. dxe5 Bc5 11. O-O Qc7 12. Bf4 Ne7
$15) 9. Bxh6 gxh6 {Diagrama #} 10. Nh4 $2 (10. exf6 Qxf6 11. b3) 10... fxe5 11.
Bh5+ Ke7 12. f4 $2 (12. dxe5 Nxe5 $17) 12... exd4 $19 13. f5 Kd6 14. Qf2 Qg5
15. fxe6 Bxe6 16. Be2 Qc1+ 17. Bd1 Qe3+ 18. Be2 Qxf2+ 19. Kxf2 Bg7 20. Rd1 Kc7
21. Kg1 d3 22. Bh5 d4 23. Nf3 Rad8 24. cxd4 Rd5 25. Ne5 Nxd4 26. Nxd3 cxd3 27.
Nd2 Rhd8 28. Rac1+ Kb8 0-1

[Event "Open de Sevilla 2012"]
[Site "?"]
[Date "2012.01.07"]
[Round "1"]
[White "Teske, Henrik"]
[Black "Sevillano Leal, Julio"]
[Result "1-0"]
[WhiteElo "2550"]
[BlackElo "1890"]
[Annotator "Montecatine,R"]
[PlyCount "58"]
[EventDate "2012.01.07"]
[SourceDate "2012.01.07"]

1. e4 c5 2. Nf3 e6 3. c4 Nc6 4. Nc3 Nf6 5. Be2 d6 6. d4 cxd4 7. Nxd4 Bd7 8.
Ndb5 Qb8 9. Bf4 Ne5 (9... e5 10. Bg5 a6 11. Bxf6 gxf6 12. Na3 $14) 10. O-O a6
11. Nd4 Nc6 (11... Be7) (11... Qc7) 12. Bg3 Be7 13. Rc1 O-O 14. Nc2 Rd8 15. a4
Qc7 16. b4 Be8 17. Kh1 Qb6 $6 (17... a5 18. b5 Nb4) 18. a5 Qa7 (18... Qc7) 19.
f3 $14 Rac8 20. Bf2 Qb8 21. Bb6 Rd7 22. f4 (22. b5 $5) 22... Bd8 23. Bxd8 Rcxd8
24. Bf3 Rc7 25. Qe2 Re7 26. Rfd1 Red7 27. Na4 Re7 28. Nb6 Nd7 29. Qe3 $16 Na7 {
Diagrama # ilegible} 1-0

[Event "Open de Sevilla 2012"]
[Site "?"]
[Date "2012.01.07"]
[Round "1"]
[White "Martin Rodriguez, Jose Maria"]
[Black "Cornette, Matthieu"]
[Result "0-1"]
[WhiteElo "1886"]
[BlackElo "2545"]
[Annotator "Montecatine,R"]
[PlyCount "45"]
[EventDate "2012.01.07"]
[SourceDate "2012.01.07"]

1. d4 Nf6 2. Nf3 e6 3. Bf4 c5 4. e3 b6 5. Be2 Bb7 6. Nbd2 Be7 7. c3 O-O 8. O-O
cxd4 9. exd4 Nd5 10. Bg3 f5 11. Bxb8 $6 (11. h3) 11... Rxb8 12. Re1 g5 {
ante la cautela blanca el negro toma la iniciativa en este flanco} 13. Ne5 g4
14. c4 $6 {se imponía presionar en d7, por ejemplo} (14. Bb5 Bc8) (14. Qa4 Nf4
15. Qxd7 Bxg2 16. Bc4 Rf6 17. Qxd8+ Rxd8 18. f3 $13) 14... Nf4 15. Bf1 Bf6 16.
g3 {debilita el enroque, mejor defender la amenaza d6 y Axd4 con} (16. Nb1 d6
17. Nd3 e5 $15 (17... Bxd4 $4 18. Nxf4 Bxb2 19. Nxe6 $18)) (16. Qa4 {
se refuta con} d6 $1 17. Nd7 Bxd4 18. Nxf8 Qh4 $19) 16... Ng6 (16... d6 $5 17.
gxf4 dxe5 18. fxe5 Bg5 $15) 17. Bg2 Bxg2 18. Kxg2 Qc7 19. Qe2 Rbd8 20. Rad1
Rde8 21. f4 Qb7+ 22. Kg1 d6 {Diagrama #} 23. Nxg6 $4 {
y el blanco abandonó sin esperar a 23...Bxd4+ perdiendo la dama} (23. Nxg4 fxg4
24. Ne4 $17) 0-1

[Event "Open de Sevilla 2012"]
[Site "?"]
[Date "2012.01.07"]
[Round "1"]
[White "Rizouk, Ainen"]
[Black "Gonzalez del Campo, Diego"]
[Result "1-0"]
[WhiteElo "2539"]
[BlackElo "1880"]
[Annotator "Montecatine,R"]
[PlyCount "49"]
[EventDate "2012.01.07"]
[SourceDate "2012.01.07"]

1. e4 c6 2. c4 d5 3. exd5 cxd5 4. cxd5 Nf6 5. Nc3 Nxd5 6. Nf3 Nc6 7. Bc4 Nb6 8.
Bb3 Nd4 9. Nxd4 Qxd4 10. O-O Bf5 {algo mejor} (10... e6 11. a4 Bd7 12. a5 Nc8
13. d3 Bc6 14. Be3 Qd7 15. d4 Bd6 16. Qg4 Ne7 17. Rfd1 O-O-O 18. d5 exd5 19.
Qxd7+ Rxd7 20. Bxa7 Be5 21. Rac1 Bc7 22. Na4 Bxa5 23. Bb6 Bb4 24. Bd4 Kc7 25.
Bxg7 Rg8 26. Bd4 Nf5 27. Nc3 Bxc3 28. bxc3 Nxd4 29. Rxd4 {
1/2-1/2 (29) Nunn,J (2375)-Enklaar,B (2410)/Amsterdam 1975/MCL}) (10... Bg4 11.
Qc2 Bd7 12. d3 Bc6 13. Be3 Qd7 14. f4 g6 15. Rad1 Bg7 16. Bxb6 axb6 17. d4 Qf5
18. Qf2 O-O-O 19. d5 Bxc3 20. dxc6 Bb4 21. cxb7+ Kxb7 22. Kh1 Qe4 23. Bc2 Qc6
24. f5 Ka7 25. Qe2 Rxd1 26. Rxd1 Bd6 27. Bb3 gxf5 28. Bxf7 Qe4 29. Qxe4 {
1/2-1/2 (29) Makarichev,S (2440)-Dely,P (2470)/Amsterdam 1974/MCL}) 11. Qf3 Qd7
(11... e6 $5 12. Qxb7 Be7) 12. a4 a5 13. Re1 {
el negro tiene serios problemas para completar su desarrollo} g6 (13... Rc8 14.
d4 Nc4 15. h3 h5 16. Nd5 $18) (13... Bg6 14. d4 e6 15. d5 $18) 14. Qe3 (14. d4
$1 Bg7 15. Bg5 f6 16. Bf4 $18) 14... Qc6 $2 (14... Nc8 15. Qe5 Rg8 16. d4 $16)
15. Nb5 $18 Rd8 16. d4 Nd5 17. Bxd5 Rxd5 18. Bd2 Qb6 19. Rac1 Rd7 20. Rc8+ Rd8
21. Nc7+ Kd7 22. Nd5 Qd6 23. Rc7+ Ke8 24. Rxe7+ Bxe7 25. Qxe7+ {
Diagrama # un bonito mate es 25...Qxe7 26.Nf6+ Kf8 27.Bh6++} 1-0

[Event "Open de Sevilla 2012"]
[Site "?"]
[Date "2012.01.07"]
[Round "1"]
[White "Saric, Ante"]
[Black "Juidiaz Hernandez, Antonio L."]
[Result "1-0"]
[WhiteElo "2528"]
[BlackElo "1878"]
[Annotator "Montecatine,R"]
[PlyCount "53"]
[EventDate "2012.01.07"]
[SourceDate "2012.01.07"]

1. Nf3 d5 2. d4 Nf6 3. c4 e6 4. g3 c6 5. Nbd2 Bd6 6. Bg2 O-O 7. Qc2 Nbd7 8. O-O
Re8 9. b3 b6 10. e4 dxe4 11. Ng5 Bb7 12. Ndxe4 (12. Ngxe4 Be7 13. Rd1 Qc7 14.
c5 Nd5 15. Ba3 N7f6 16. Nc4 Nxe4 17. Bxe4 h6 18. Re1 b5 19. Nd6 Rf8 20. Bxd5
exd5 21. Re2 Bc8 22. Rae1 Be6 23. Nxf7 Rxf7 24. Rxe6 Raf8 25. R1e2 Bf6 26. Qd3
Re7 27. Rxe7 Bxe7 28. Bc1 Bf6 29. Bf4 Qf7 30. Qe3 Rd8 31. Qe6 Bxd4 32. Qxc6 b4
33. Qb5 g5 34. Bd6 Qf3 35. c6 Kh7 36. c7 Rg8 37. Rd2 Bb6 38. Qd7+ Kg6 39. Qe6+
{1-0 (39) Stohl,I (2554)-Vojtek,V (2370)/Slovakia 2005/EXT 2006}) 12... Be7 13.
Rd1 Nxe4 14. Nxe4 Nf6 15. Bf4 Nxe4 16. Bxe4 g6 (16... f5 17. Bg2 Bf6) 17. c5
$14 b5 (17... Bf6) (17... Bg5) 18. a4 a6 19. Qc3 Bf6 20. Be5 {
Diagrama # el Bb7 ha quedado recluido} Bxe5 $2 {la cesión de la columna decide}
21. dxe5 Qe7 22. Rd6 Rac8 23. h4 h5 24. Rad1 Rc7 25. R1d3 g5 $2 26. Qd2 $18 f6
(26... g4 27. Qh6 $18) 27. Rd7 1-0

[Event "Open de Sevilla 2012"]
[Site "?"]
[Date "2012.01.07"]
[Round "1"]
[White "Campos Perez, Julian"]
[Black "Malakhatko, Vladim"]
[Result "0-1"]
[WhiteElo "1878"]
[BlackElo "2524"]
[Annotator "Montecatine,R"]
[PlyCount "57"]
[EventDate "2012.01.07"]
[SourceDate "2012.01.07"]

1. c4 e6 2. Nc3 c5 3. e3 Nf6 4. Nf3 Nc6 5. d4 cxd4 6. exd4 d5 7. Be3 Bb4 8. a3
Bxc3+ 9. bxc3 O-O 10. Be2 dxc4 11. Bxc4 Nd5 12. Bxd5 (12. Bd2) 12... Qxd5 13.
Qc2 Na5 14. O-O b6 {el control de c4 da la iniciativa al negro} 15. Ng5 f5 16.
Bf4 Bb7 {Diagrama #} 17. Nf3 $4 (17. f3 h6 18. Nh3 g5 19. Be5 Rac8 $15) 17...
Rf6 $2 (17... Qe4 $19 18. Qd2 Nb3) 18. Rab1 $2 (18. Nh4 Qe4 19. Qxe4 fxe4 20.
g3 Rc8 $17) 18... Rg6 $19 19. Bg3 f4 20. a4 fxg3 21. fxg3 Rf6 22. Rb5 Qe4 23.
Qc1 Raf8 24. Re5 Qc6 25. Qc2 Nc4 26. Re2 e5 27. Rfe1 Rxf3 28. gxf3 Qxf3 29. Rg2
0-1

[Event "Open de Sevilla 2012"]
[Site "?"]
[Date "2012.01.07"]
[Round "1"]
[White "Mirzoev, Azer"]
[Black "Onate Barbero, Aurelio"]
[Result "1-0"]
[WhiteElo "2523"]
[BlackElo "1868"]
[Annotator "Montecatine,R"]
[PlyCount "47"]
[EventDate "2012.01.07"]
[SourceDate "2012.01.07"]

1. d4 d5 2. c4 e6 3. Nc3 Nf6 4. Nf3 Nbd7 5. Bf4 Bb4 6. cxd5 exd5 7. Rc1 c5 8.
dxc5 Qa5 $6 (8... Nxc5) 9. Bd2 Qxc5 (9... Bxc5 10. e3 Qd8 11. Qb3 $16) 10. a3
Bxc3 11. Bxc3 {la pareja de alfiles y el PD aislado dan ventaja al blanco} Qb6
$2 {Diagrama #} (11... Ne4 12. e3 Nxc3 13. Rxc3 Qd6 14. Nd4 $16) 12. e3 $6 ({
curiosamente ganaba} 12. Bb4 $1 a5 13. Qa4 Ne4 14. Qxa5 Qxf2+ 15. Kd1 Rb8 16.
Qc7) 12... O-O 13. Bd4 Qa5+ 14. Qd2 Qxd2+ 15. Nxd2 Ne4 16. Nxe4 dxe4 17. Rc7 a6
(17... Nb6) 18. Bc4 $18 Nf6 19. O-O b5 20. Bb3 Bf5 21. Rfc1 Ne8 22. R7c6 g6 23.
h3 h5 24. Bc5 1-0

[Event "Open de Sevilla 2012"]
[Site "?"]
[Date "2012.01.07"]
[Round "1"]
[White "Cadenas Falcon, Jose Antonio"]
[Black "Paunovic, Dragan"]
[Result "0-1"]
[WhiteElo "1868"]
[BlackElo "2520"]
[Annotator "Montecatine,R"]
[PlyCount "54"]
[EventDate "2012.01.07"]
[SourceDate "2012.01.07"]

1. e4 c5 2. Nc3 e6 3. Bc4 a6 4. a4 Nc6 5. Nf3 Nf6 6. O-O d5 7. exd5 exd5 8.
Re1+ Be7 9. Ba2 O-O 10. d4 c4 11. b3 $6 (11. Ne5) 11... Bb4 $15 12. Bd2 Bxc3
13. Bxc3 Ne4 14. Bb2 c3 15. Ba3 Re8 {Diagrama #} 16. b4 (16. Qd3) 16... Bg4 17.
Qd3 Bxf3 18. Qxf3 Nxd4 19. Qd3 Qf6 20. f3 Nd2 21. Kh1 Qh4 22. g3 Qf6 23. Rxe8+
Rxe8 24. Qxc3 Qxf3+ 25. Qxf3 N2xf3 26. Bxd5 Re2 27. Bxf3 Nxf3 0-1

[Event "Open de Sevilla 2012"]
[Site "?"]
[Date "2012.01.07"]
[Round "1"]
[White "Campora, Daniel H."]
[Black "Delgado Lozano, Ignacio Maria"]
[Result "1-0"]
[WhiteElo "2490"]
[BlackElo "1861"]
[Annotator "Montecatine,R"]
[PlyCount "33"]
[EventDate "2012.01.07"]
[SourceDate "2012.01.07"]

1. e4 c6 2. d4 d5 3. e5 Bf5 4. c4 dxc4 (4... e6) 5. Bxc4 e6 6. Nc3 Nd7 7. Nge2
Ne7 8. O-O c5 9. Bg5 Qb6 10. Qa4 Nc6 {Diagrama #} 11. Rad1 $6 (11. Bb5 a6 12.
d5 $14) 11... Qxb2 $4 (11... cxd4 12. Nxd4 Nxd4 13. Be3 Bc2 14. Bb3 Bxd1 15.
Rxd1 Bc5 16. Bxd4 Bxd4 17. Rxd4 $17) 12. Rb1 $2 (12. d5 $18) 12... Bxb1 $2 (
12... Qc2 13. Rb3 Rc8) 13. Rxb1 $18 Qxb1+ 14. Nxb1 cxd4 15. Bb5 Rb8 16. Nd2
Ncxe5 17. Bf4 1-0

[Event "Open de Sevilla 2012"]
[Site "?"]
[Date "2012.01.07"]
[Round "1"]
[White "Suarez Fernandez, Enrique O."]
[Black "Fernandez Romero, Ernesto"]
[Result "0-1"]
[WhiteElo "1858"]
[BlackElo "2471"]
[Annotator "Montecatine,R"]
[PlyCount "46"]
[EventDate "2012.01.07"]
[SourceDate "2012.01.07"]

1. e3 g6 2. b3 Bg7 3. d4 Nf6 4. Bb2 O-O 5. Nf3 d6 6. Be2 Nbd7 7. c4 b6 8. Nc3
Bb7 9. Qc2 a6 10. O-O Re8 11. Rfd1 c6 12. Rac1 Qc7 13. d5 Rac8 14. dxc6 Qxc6
15. Nh4 Ne5 16. f4 Ned7 17. Bf3 Qc7 18. f5 (18. Qe2) 18... Bxf3 19. gxf3 (19.
Nxf3) 19... Qc5 $15 {Diagrama #} 20. Nd5 $4 (20. Qd3) 20... Nxd5 $19 21. Bd4 (
21. Rxd5 Qxe3+ 22. Kg2 Bxb2 23. Qxb2 Nf6 $19) 21... Nxe3 22. Qb2 Nxd1 23. Rxd1
Bxd4+ 0-1

[Event "Open de Sevilla 2012"]
[Site "?"]
[Date "2012.01.07"]
[Round "1"]
[White "Herraiz Hidalgo, Herminio"]
[Black "Hidalgo Begines, Juan Jose"]
[Result "1-0"]
[WhiteElo "2469"]
[BlackElo "1857"]
[Annotator "Montecatine,R"]
[PlyCount "63"]
[EventDate "2012.01.07"]
[SourceDate "2012.01.07"]

1. d4 Nf6 2. c4 g6 3. Nc3 Bg7 4. e4 d6 5. Be2 O-O 6. Bg5 h6 7. Be3 Nbd7 8. Qd2
Kh7 9. f3 c6 10. Nh3 a6 11. Nf2 Qc7 12. O-O c5 13. Rac1 b6 14. Nd5 Nxd5 15.
cxd5 $14 a5 16. f4 Qd8 17. Rfe1 cxd4 18. Bxd4 Nc5 19. Rc3 Ba6 20. Bxa6 Rxa6 21.
Rh3 {Diagrama #} Qd7 (21... Bxd4 22. Qxd4 Ra8 $16) 22. f5 Rh8 (22... h5 23.
Rxh5+ gxh5 24. Bxg7 Kxg7 25. Qg5+ Kh7 26. Qxh5+ Kg7 27. Qg5+ Kh7 28. Re3 $18)
23. fxg6+ $18 fxg6 24. Bxg7 Kxg7 25. Qd4+ Kg8 26. Rg3 Qe8 27. e5 Qf7 28. exd6
exd6 29. Ng4 Nd7 30. Rf3 Qg7 31. Qxg7+ Kxg7 32. Re7+ 1-0

[Event "Open de Sevilla 2012"]
[Site "?"]
[Date "2012.01.07"]
[Round "1"]
[White "Torres Maesso, Pedro"]
[Black "Das, Arghyadip"]
[Result "0-1"]
[WhiteElo "2195"]
[BlackElo "2459"]
[Annotator "Montecatine,R"]
[PlyCount "92"]
[EventDate "2012.01.07"]
[SourceDate "2012.01.07"]

1. c4 e6 2. g3 d5 3. Nf3 c6 4. Bg2 dxc4 5. Ne5 Qd4 6. Nf3 Qc5 7. Qc2 $6 (7. b3)
7... Na6 8. Na3 $6 (8. a3) 8... Nb4 $15 9. Qc3 Nf6 10. O-O b5 11. b3 Nbd5 12.
Qd4 (12. Qc2) 12... cxb3 13. axb3 Bb7 (13... Qxd4 14. Nxd4 Bb7 15. Bb2 a6 16.
Rfc1 c5 $15) 14. Bb2 Qxd4 15. Nxd4 a6 16. Rac1 c5 $17 17. Nf3 Be7 18. d4 Rc8
19. dxc5 Bxc5 20. Nc2 O-O 21. Ne5 Ba8 (21... Rfd8) 22. Nd4 Bd6 23. Nd3 Bb7 24.
Rfd1 Rxc1 25. Rxc1 Rc8 26. Rxc8+ Bxc8 27. Nc6 Bb7 28. Nde5 Bc7 29. Kf1 Kf8 30.
Bd4 Ke8 31. h3 Bd6 $6 {Diagrama #} (31... a5) 32. Bxd5 $6 (32. Nxf7 $1 Bxg3 33.
fxg3 Bxc6 $15) 32... Nxd5 $6 (32... exd5 33. Nxf7 Bxg3 $17) 33. Nxf7 Bc7 (33...
Bxg3 34. fxg3 Bxc6 35. Ng5 Nf6 36. Nxe6 Bd7 37. Nxg7+ Kf7 38. g4 Kxg7 39. g5
Kf7 40. gxf6 Bxh3+ 41. Kf2) 34. Nfe5 a5 35. Na7 b4 (35... Ba6) 36. Nd3 Bb8 37.
Bc5 (37. Ke1) 37... Kd7 (37... e5) 38. Nb5 $6 (38. Bd4) 38... Ba6 $6 (38... e5
$19) 39. Ba7 $2 (39. Nd4) 39... Bxa7 40. Ne5+ Ke8 41. Nxa7 a4 $19 42. Nac6 axb3
43. Nf3 b2 44. Nd2 Nc3 45. Nxb4 Bxe2+ 46. Ke1 Bc4 0-1

[Event "Open de Sevilla 2012"]
[Site "?"]
[Date "2012.01.07"]
[Round "1"]
[White "Van Der Weide, Karel"]
[Black "Haslinger, J. Mike"]
[Result "1-0"]
[WhiteElo "2445"]
[BlackElo "1847"]
[Annotator "Montecatine,R"]
[PlyCount "105"]
[EventDate "2012.01.07"]
[SourceDate "2012.01.07"]

1. e4 g6 2. d4 Bg7 3. Nc3 c6 4. Nf3 d5 5. h3 Nh6 6. Bd3 dxe4 7. Nxe4 Nf5 8. c3
O-O 9. O-O Qc7 10. Re1 Nd7 11. Bg5 h6 12. Bd2 e5 13. dxe5 Nxe5 14. Nxe5 Qxe5
15. Qf3 Nh4 16. Qf4 Qxf4 17. Bxf4 Be6 18. Nc5 Bd5 19. Be4 Bxe4 20. Rxe4 {
Diagrama #} Rfe8 $2 (20... g5) 21. Rae1 $11 (21. Rxe8+ Rxe8 22. Nxb7 $16) 21...
Rxe4 22. Rxe4 g5 23. Bd6 b6 24. Nb7 Nf5 25. g4 Nxd6 26. Nxd6 Rd8 27. Nf5 Rd2
28. Re8+ Kh7 29. Re7 Kg6 (29... Kg8 30. Rxa7 Rxb2 $11) 30. Rxa7 Rxb2 31. Ne7+
Kf6 32. Nxc6 Kg6 $16 33. Ne7+ Kf6 34. Nd5+ Ke6 35. Nc7+ Kf6 36. Rb7 Rxa2 37.
Rxb6+ Ke5 38. Ne8 Bf8 39. Nf6 Kf4 40. Rb5 Kf3 41. Rf5+ Ke2 42. Ne4 Ra7 43. Kg2
Ba3 44. Rd5 $18 Bc1 45. Ng3+ Ke1 46. Kf3 Bf4 47. Ne4 Ra1 48. h4 Rc1 49. h5 Rc2
50. Rf5 Bh2 51. Rxf7 Bg1 52. Kg2 Bxf2 53. Rxf2 1-0

[Event "Open de Sevilla 2012"]
[Site "?"]
[Date "2012.01.07"]
[Round "1"]
[White "Gomez Vargas , Pedro Jose"]
[Black "Razmislov, Alexander"]
[Result "0-1"]
[WhiteElo "1843"]
[BlackElo "2438"]
[Annotator "Montecatine,R"]
[PlyCount "62"]
[EventDate "2012.01.07"]
[SourceDate "2012.01.07"]

1. e4 c5 2. Nf3 e6 3. d4 cxd4 4. Nxd4 a6 5. Be3 Nf6 6. Nc3 Qc7 7. Qd2 Bb4 8. f3
d5 9. Bd3 (9. Nde2) 9... e5 $15 {Diagrama #} 10. Nde2 $2 (10. exd5 exd4 11.
Bxd4) 10... d4 $17 11. Nxd4 exd4 12. Bxd4 Nc6 13. Bxf6 gxf6 14. a3 Qa5 15. O-O
Bxc3 16. bxc3 Be6 17. a4 O-O-O 18. Rfd1 h5 19. Qe1 h4 20. f4 h3 21. g3 Bg4 22.
Rdb1 Qc5+ 23. Kf1 f5 24. e5 f6 25. exf6 Rde8 26. Qd2 Re3 27. Be2 Bxe2+ 28. Qxe2
Rxe2 29. Kxe2 Re8+ 30. Kf1 Qe3 31. Re1 Qf3+ 0-1

[Event "Open de Sevilla 2012"]
[Site "?"]
[Date "2012.01.07"]
[Round "1"]
[White "Mellado Trivino, Juan"]
[Black "Santo Olivera, Fco."]
[Result "1-0"]
[WhiteElo "2435"]
[BlackElo "1842"]
[Annotator "Montecatine,R"]
[PlyCount "53"]
[EventDate "2012.01.07"]
[SourceDate "2012.01.07"]

1. e4 c5 2. Nc3 e6 3. f4 Nc6 4. Nf3 d6 5. d4 cxd4 6. Nxd4 Nxd4 7. Qxd4 Bd7 8.
Be3 Nf6 9. Be2 a6 10. e5 Ng4 11. exd6 Nxe3 12. Qxe3 Bxd6 13. O-O-O Be7 14. Bd3
Qa5 15. Be4 Qc7 16. Qf3 Bc6 $6 (16... O-O-O) 17. f5 $14 Bxe4 18. Qxe4 exf5 (
18... Qc6) 19. Nd5 Qc5 20. Qxf5 (20. Qe5) 20... O-O 21. Rd3 h6 (21... Rae8) 22.
Rhd1 (22. Re3 $18) 22... Bg5+ 23. Kb1 {Diagrama #} Qc4 $2 (23... Kh8) 24. Nb6
g6 25. Qf3 Qb4 26. Nxa8 Rxa8 27. Rd7 1-0

[Event "Open de Sevilla 2012"]
[Site "?"]
[Date "2012.01.07"]
[Round "1"]
[White "Espejo Montagut, Jose Maria"]
[Black "Teran Alvarez, Isamel"]
[Result "0-1"]
[WhiteElo "1835"]
[BlackElo "2422"]
[Annotator "Montecatine,R"]
[PlyCount "48"]
[EventDate "2012.01.07"]
[SourceDate "2012.01.07"]

1. d4 Nf6 2. c4 c5 3. d5 a6 4. Nc3 b5 5. Qc2 g6 6. e4 Bg7 7. Nf3 b4 8. Nd1 O-O
9. Bd3 d6 10. Ne3 Nh5 11. O-O Nf4 12. a3 Nd7 13. axb4 (13. Ng4) 13... cxb4 $15
14. Rd1 Nxd3 15. Qxd3 Nc5 16. Qc2 Bd7 17. Nd4 Qb6 18. Ne2 $2 {Diagrama #} (18.
h3 $16) 18... a5 $6 (18... Ba4 $19) 19. Ng3 $6 (19. Qb1) 19... a4 $19 20. Rb1
Qa6 21. Qe2 a3 22. bxa3 bxa3 23. Qa2 Ba4 24. Rd2 Bb3 0-1

[Event "Open de Sevilla 2012"]
[Site "?"]
[Date "2012.01.07"]
[Round "1"]
[White "Perez Reisler, Jose"]
[Black "Haslinger, Stewart G."]
[Result "0-1"]
[WhiteElo "1879"]
[BlackElo "2534"]
[Annotator "Montecatine,R"]
[PlyCount "66"]
[EventDate "2012.01.07"]
[SourceDate "2012.01.07"]

1. c4 e6 2. g3 d5 3. Bg2 Nf6 4. Nf3 dxc4 5. Qa4+ Nbd7 6. Ne5 Be7 7. O-O O-O 8.
Nxd7 Bxd7 9. Qxc4 b5 10. Qc2 Rc8 11. d3 c5 12. Nc3 c4 13. dxc4 Rxc4 14. b3 (14.
a3) 14... Rc8 $15 15. Qd3 b4 16. Ne4 Bc6 17. Be3 Qa5 18. Rac1 Bxe4 19. Bxe4
Rcd8 20. Qb1 Nxe4 21. Qxe4 Qxa2 22. Qb7 (22. Qc4) 22... Bd6 23. Ra1 Qxb3 24.
Rxa7 Qd5 25. Qxd5 exd5 26. Rd1 b3 {Diagrama #} 27. Rb7 $2 (27. Rb1 Rb8 28. Rd7
$15) 27... Rb8 $19 28. Rxb8 Rxb8 29. Rb1 Be5 30. Bc5 b2 31. Ba3 Rb3 32. Bc5 Rc3
33. Be3 Ra3 0-1